Environmental psychology in building design /

Uložené v:
Podrobná bibliografia
Hlavný autor: Brebner, John (Autor)
Médium: Kniha
Jazyk:English
Vydavateľské údaje: London : Applied Science Publ, 1982
Edícia:Architectural science series
Tagy: Pridať tag
Žiadne tagy, Buďte prvý, kto otaguje tento záznam!

MARC

LEADER 00000nam a22000003a 4500
001 stu28957
005 20150617225738.6
008 950519s1982----uk------------------eng-d
020 |a 0-85334-969-X 
040 |a STU  |b slo 
041 0 |a eng 
044 |a uk 
080 |a 504 
080 |a 159.9 
080 |a 72 
100 1 |a Brebner, John  |4 aut 
245 1 |a Environmental psychology in building design /  |c [aut]Brebner,John 
260 |a London :  |b Applied Science Publ,  |c 1982 
300 |a 10,213 s 
830 0 |a Architectural science series 
996 |b 284V027673  |c V*43361/O-18762  |l VVT  |s A  |a 24  |w stu28957_0001